| 000 | 00773nam a2200217Ia 4500 | ||
|---|---|---|---|
| 003 | GCL | ||
| 008 | 140319s9999 xx 000 0 ara d | ||
| 040 |
_aGCL / _cGCL |
||
| 082 | 0 | 4 |
_a953 _bح ت |
| 100 | 1 | _aعبدالرحمن عبدالله الشيخ | |
| 245 | 1 | 0 |
_aتاريخ الشعوب العربية (ج1) / _cعبدالرحمن عبدالله الشيخ |
| 700 | 1 | _aجورانى، البرت | |
| 700 | 1 | _aنبيل صلاح الدين | |
| 300 | _a275 ص | ||
| 490 |
_aالالف كتاب الثانى _v0 |
||
| 650 | 0 | 4 | _aالحضارة العربية الاسلامية - المعارف البحرية |
| 650 | 0 | 4 | _aالتاريخ |
| 650 | 0 | 4 | _aالحضارة الاسلامية |
| 650 | 0 | 4 | _aالعالم الاسلامى - تاريخ |
| 942 |
_2ddc _cBK |
||
| 999 |
_c52063 _d52063 |
||